000 00749nam a2200217Ia 4500
005 20241129111105.0
008 241129s9999||||xx |||||||||||||| ||und||
020 _a978-81-9292990-8-7
037 _aTB
040 _aCRL
_bhin
_cCRL
041 _ahin
_2hin
084 _aO152,1N2:g R2
_qCRL
100 _aटंडन, पूरनचंद, संपा.
245 0 _aछायावाद संदर्भ सापेक्षता
_cटंडन, पूरनचंद, संपा.
260 _aनई दिल्ली, भारत
_bनव उन्नयन
_c2022
300 _a472पृ0
365 _aINR
_b1100
650 _aHindi literaturePoetry
942 _cTB
_hO152,1N2:g R2
999 _c1228883
_d1228883